000 01638nam a2200361 c 4500
999 _c129352
_d129352
003 BLK
005 20221213110204.0
008 180409b bul|||||r ||||||| ||bul||
010 _aKNG00135087000
040 _aBLK
041 _aBUL
_cBUL
080 _aВодни транспортни средства. Морски транспортни средства. Плавателни съдове. Кораби. Корабостроене
_b629.5
_x(035)
_z629.5(035)
100 1 _aБогданов, Георги П.
_eпърви автор
_9321681
139 _aБогданов, Георги П. и др.
_bБ 54
245 1 0 _aСправочник по кораборемонта
_bКорабни машини и механизми
_cГеорги П. Богданов, Станислав К. Илиев, съавт. Венцислав Г. Монев.
257 _aBGR
260 _aСофия
_bТехника
_c1981
_fЯмбол : Г. Димитров
300 _a124 с.
_bс черт., табл.
_c20 см
380 _a62
500 _a1 190 тир.
650 4 _aКораби - ремонт и поддържане
_9250335
650 4 _aКорабни машини - ремонт
_9306654
650 4 _aКорабни механизми - ремонт
_9306655
653 _aкораборемонти
653 _aсправочници
700 1 _aИлиев, Станислав К.
_eсъавт.
_9321682
700 1 _aМонев, Венцислав Г.
_eсъавт.
_9321683
852 _aЦб 110921
856 4 _qpdf
_i0.00
_ldisable
856 4 _qpdf
_i0.00
_ldisable
942 _cKNG
_n0
_s1
944 _aCR
_c16.10.2012
_l16.10.2012 - от С1,Р / 16.10.2012
_kКамелия_Данева
944 _aED
_c16.10.2012
_l16.10.2012 - от С1,Р / 16.10.2012
999 _d129352
999 _d129352